Risk of Rain 2 - Monsters - Statistics

General Stats
  • This quiz has been taken 87 times
  • The average score is 39 of 68
Answer Stats
Monster Type Answer % Correct
Regular Monsters Beetle
94%
Regular Monsters Beetle Guard
85%
Regular Monsters Lemurian
85%
Bosses Beetle Queen
83%
Regular Monsters Elder Lemurian
83%
Regular Monsters Greater Wisp
81%
Regular Monsters Stone Golem
81%
Bosses Stone Titan
81%
Ally Monsters Beetle Guard (Ally)
79%
Bosses Grandparent
77%
Regular Monsters Imp
77%
Regular Monsters Lesser Wisp
74%
Special Monsters Lesser Wisp (Soul)
74%
Special Bosses Mithrix
74%
Bosses Wandering Vagrant
74%
Regular Monsters Parent
72%
Bosses Clay Dunestrider
70%
Bosses Magma Worm
70%
Special Bosses Voidling
70%
Special Bosses False Son (Boss)
68%
Bosses Imp Overlord
68%
Bosses Overloading Worm
68%
Regular Monsters Void Jailer
68%
Ally Monsters Void Jailer (Ally)
68%
Regular Monsters Child
66%
Regular Monsters Jellyfish
66%
Regular Monsters Alloy Vulture
64%
Special Bosses Alloy Worship Unit
64%
Special Bosses Aurelionite
64%
Ally Monsters Aurelionite (Ally)
64%
Bosses Grovetender
64%
Regular Monsters Clay Templar
62%
Bosses Xi Construct
62%
Regular Monsters Blind Pest
60%
Regular Monsters Void Reaver
60%
Ally Monsters Void Reaver (Ally)
60%
Bosses Solus Control Unit
57%
Bosses Void Devastator
55%
Ally Monsters Void Devastator (Ally)
55%
Regular Monsters Alpha Construct
53%
Ally Monsters Alpha Construct (Ally)
53%
Regular Monsters Lunar Chimera (Exploder)
53%
Regular Monsters Lunar Chimera (Golem)
53%
Regular Monsters Lunar Chimera (Wisp)
53%
Bosses Scavenger
53%
Regular Monsters Blind Vermin
51%
Regular Monsters Clay Apothecary
51%
Regular Monsters Hermit Crab
51%
Regular Monsters Brass Contraption
49%
Regular Monsters Mini Mushrum
47%
Regular Monsters Solus Probe
47%
Regular Monsters Void Barnacle
47%
Regular Monsters Gup
45%
Regular Monsters Halcyonite
45%
Special Monsters Newt
43%
Regular Monsters Scorch Worm
43%
Regular Monsters Bighorn Bison
40%
Regular Monsters Geep
40%
Regular Monsters Gip
40%
Special Monsters Void Infestor
38%
Regular Monsters Larva
32%
Special Bosses Artifact Reliquary
26%
Special Monsters Malachite Urchin
26%
Special Bosses Guragura the Lucky
23%
Special Bosses Kipkip the Gentle
23%
Special Bosses Twiptwip the Devotee
23%
Special Monsters Healing Core
21%
Special Bosses Wipwip the Wild
17%
No matching quizzes found
Score Distribution
Percent of People with Each Score
Percentile by Number Answered
Your Score History
You have not taken this quiz